000 00712nam a22001937a 4500
003 OSt
005 20240831115641.0
008 240831b ||||| |||| 00| 0 eng d
040 _cAIMIT LIBRARY
100 _aDsouza, Jaison.
_e2216070
_9178378
245 _aAnalysis of stock performance of fmgc sector:comparison of pre and post covid-19 era /
_cBy Jaison Dsouza ; Guided by Dhananjay K.
260 _aUdupi ;
_c2024.
650 _aLiterature review objectives
_9178379
650 _aResearch methodology
_9178380
650 _aData analysis and interpretations
_9178381
700 _aK Dhananjaya.
_eGuide
_9178382
856 _3Anandrathi share and stock brokers ltd
_uwww.anandrathi.com
942 _2ddc
_cPRO
999 _c231680
_d231680